000 00285nam a22001217a 4500
999 _c13315
_d13315
020 _a0-439-16843-0
082 _a909.82
_b10390
100 _a Armstrong, Jennifer
245 _aThe century for young people
260 _aNew York
_bScholastic Inc.
_c1999
300 _a245
942 _cBK